00905nam a2200265Ia 450000500170000000800270001702000180004408200170006210000300007924501030010925000350021230000490024749000210029665000470031765000340036465000260039870000360042494200120046026400290047233600270050133700330052833800280056104000350058999900150062420220317000212.0141031s9999 ck 000 0 spa d a978968592068104a911.09bD66p1 aDoddoli, Consuelo,d1956-10aPunto y raya blos puntos cardinales y los mapascConsuelo Doddoli ; ilustraciones de Cecilia Cota a1a ediciónb1a reimpresión a23 páginasbilustraciones en colorc25 cm. aLa otra escalera142LEMBaCartografíaxEnseñanza elemental142LEMBaCartografíaxHistoria142LEMBaMapasxHistoria1 aCota, Ceciliaeilustrador99254 2ddccBK aMéxicobCastilloc2010 atextobtxt2rdacontent asin mediaciónbn2rdamedia avolumenbnc2rdacarrier aCO-BoRNBPbspaerdacCO-BoRNBP c3386d3386